000 00272nam a22000977a 4500
999 _c11275
_d11275
008 190114b ||||| |||| 00| 0 eng d
020 _a9788122313130
100 _aDoyle Conan Arthur
_97020
245 _aSherlock Holmes (Collection-2)
260 _aNew Delhi
_bPustak Mahal
_c2018